|
|
|
|
| LEADER |
00000nbm0a2200000 4500 |
| 001 |
129737 |
| 005 |
20231031133706.0 |
| 035 |
|
|
|a (RuTPU)RU\TPU\book\140431
|
| 090 |
|
|
|a 129737
|
| 100 |
|
|
|a 20080128d1973 k y0rusy50 ca
|
| 101 |
0 |
|
|a rus
|
| 102 |
|
|
|a RU
|
| 105 |
|
|
|a a m 001zy
|
| 200 |
1 |
|
|a Односистемная дифференциальная защита шин на ферромагнитных преобразователях тока
|e Диссертация на соискание ученой степени кандидата технических наук
|f Ю. А. Ершов
|g Томский политехнический институт ; науч. рук. Н. В. Лисецкий
|
| 210 |
|
|
|a Томск
|d 1973
|
| 215 |
|
|
|a 164 л.
|c ил.
|
| 320 |
|
|
|a Библиогр.: с. 157-164 (91 назв.)
|
| 610 |
1 |
|
|a диссертации
|
| 610 |
1 |
|
|a ферромагнитные устройства
|
| 610 |
1 |
|
|a преобразователи
|
| 610 |
1 |
|
|a дифференциальная защита
|
| 610 |
1 |
|
|a ток
|
| 610 |
1 |
|
|a шины
|
| 610 |
1 |
|
|a точечные преобразования
|
| 610 |
1 |
|
|a тормозные обмотки
|
| 610 |
1 |
|
|a повреждения
|
| 675 |
|
|
|a 621.316.5(04)
|v 3
|
| 700 |
|
1 |
|a Ершов
|b Ю. А.
|
| 702 |
|
1 |
|a Лисецкий
|b Н. В.
|4 727
|
| 712 |
0 |
2 |
|a Томский политехнический институт
|z 1944-1991
|2 stltpush
|3 (RuTPU)RU\TPU\col\1123
|
| 801 |
|
1 |
|a RU
|b 63413507
|c 20080128
|g PSBO
|
| 801 |
|
2 |
|a RU
|b 63413507
|c 20080128
|g PSBO
|
| 942 |
|
|
|c BK
|